000 00263nam a22001097a 4500
082 _a519.5 YOU'S
100 _aYOUNG, HUGH D
_93959
245 _aSTATISTICAL TREATMENT OF EXPERIMENTAL DATA
260 _aNEWYORK
_bMCGRAW HILL
_c1962
300 _a172P
942 _cBK
999 _c583838
_d583838